000 00407cam a22001217a 4500
008 180718b1965 xxu||||| |||| 00| 0 eng d
082 _aA81x54 In2/61/14/Pt 6 B/4
100 _aCensus of India 1961
245 _aRajasthan: village survey monographs, Rangmahal
260 _aDelhi
_bThe Manager of Publications
_c1965
300 _a44+p.
440 _aCensus of India 1961. Volume-XIV, Rajasthan. Part VI-B (iv)
999 _c484367
_d484367